Proposta : Viu el Parc : el Garraf - Olèrdola - Foix : tardor ... Viu el Parc :
Publicado:
[Barcelona] :
Diputació Barcelona. Xarxa de Municipis : Parc del Garraf : Parc d'Olèrdola : Parc del Foix : Gerència Fusic ,
2005
Descripción Física:
il. ; 30 cm
Otros Autores:
Parc del Garraf
MARC
| LEADER | 00000nam a2200000Ia 4500 | ||
|---|---|---|---|
| 001 | 21029 | ||
| 008 | 160829s2005- xx 000 0 cat d | ||
| 080 | |a C-3-148 | ||
| 245 | |a Proposta : |b Viu el Parc : |b el Garraf - Olèrdola - Foix : |b tardor ... | ||
| 260 | |a [Barcelona] : |b Diputació Barcelona. Xarxa de Municipis : |b Parc del Garraf : |b Parc d'Olèrdola : |b Parc del Foix : |b Gerència Fusic, |c 2005- | ||
| 300 | |a il. ; |c 30 cm | ||
| 610 | 2 | 0 | |a Parc d'Olèrdola (Catalunya) |x Activitats culturals |9 52942 |
| 610 | 2 | 0 | |a Parc del Foix (Catalunya) |x Activitats culturals |9 52943 |
| 610 | 2 | 0 | |a Parc del Garraf (Catalunya) |x Activitats culturals |9 52944 |
| 700 | |a Parc del Garraf | ||
| 710 | 2 | |a Parc d'Olèrdola (Catalunya) |9 13549 | |
| 710 | |a Parc del Foix (Catalunya) |9 52674 | ||
| 710 | 1 | |a Barcelona (Catalunya : Província). |b Diputació |9 52408 | |
| 866 | |a 2005 | ||
| 901 | |a Arxiu | ||
| 942 | |n 1 | ||
| 952 | |0 0 |1 0 |4 0 |6 C3148 |7 1 |9 51586 |a Arxiu |b Arxiu |d 2016-12-01 |l 0 |o C-3-148 |p 21029 |r 2016-12-01 00:00:00 |w 2016-12-01 |y ARXIU | ||
| 999 | |c 55431 |d 55431 | ||